| 000 | 00805nam a2200241Ia 4500 | ||
|---|---|---|---|
| 003 | OSt | ||
| 005 | 20220923221649.0 | ||
| 006 | a|||||r|||| 00| 0 | ||
| 007 | ta | ||
| 008 | 220922b |||||||| |||| 00| 0 hin d | ||
| 024 | _a199,156 | ||
| 037 | _cTextual | ||
| 040 |
_aARTS _cARTS _bhin |
||
| 041 |
_2hin _ahin |
||
| 082 | _aP168,3:4k, 152L4 | ||
| 100 | _aशास्त्री, सीताराम | ||
| 245 | 0 | _aउर्दू हिन्दी परिचय कोश | |
| 246 | _aUrdū hindī parichaya kosha | ||
| 260 |
_aआगरा _b केन्द्रीय हिन्दी संस्थान _c1974 |
||
| 300 |
_a83पृ. _ccm. |
||
| 942 |
_hP168,3:4k, 152L4 _cTEXL _2CC |
||
| 999 |
_c350935 _d350935 |
||